Escuela para padres. tomo 1 /

Guardado en:
Autor Principal: Giberti, Eva
Formato: Libro
Publicado: Argentina : Campano, 1964
Edición:7a. ed.
Materias:
Etiquetas: Agregar Etiqueta
Sin Etiquetas, Sea el primero en etiquetar este registro!
LEADER 00815nam a22002175a 4500
001 CEM.cems002884
005 19000101000000.0
008 130507s1964##################000#0#####d
003 CEMS
082 0 4 |a 136.7 
100 1 |a Giberti, Eva 
245 1 0 |a Escuela para padres. tomo 1 /  |c Eva Giberti 
250 |a 7a. ed. 
260 |a Argentina :  |b Campano,  |c 1964 
300 |a 320 p. 
505 0 |a Primeros anos; educacion sexual; los habitos; el lenguaje; los castigos; las amenazas; juegos;la alimentacion; el nino ante la muerte y ante el miedo; ninos con dificultades, el nino ante medico,el dentista y el psicologo. 
653 |a Familia-psicologia 
653 |a Niños y familia 
653 |a Padres-psicologia para 
653 |a Psicologia del niño 
859 |a CEMS  |b BIB. CEMS - 11 de abril  |h 136.7  |i G355a7/1  |p 10765.81  |t Ej.1